Can You Name Every North American Coaster by Gerstlauer? - Statistics

General Stats
  • This quiz has been taken 30 times
  • The average score is 11 of 25
Answer Stats
Hint Answer % Correct
2018 Hang Time
90%
2016 Monster
80%
2019 TMNT Shellraiser
75%
2011 Dare Devil Dive
70%
2022 Defiance
60%
2007 Mystery Mine
60%
2008 Spongebob Squarepants Rock Bottom Plunge
60%
2018 Tantrum
60%
2014 Fire Chaser Express
55%
2005 Pandemonium
55%
2007 Pandemonium
55%
2007 Pandemonium
55%
2008 Pandemonium
55%
2017 Hydrus
45%
2011 Untamed
45%
2012 Iron Shark
40%
2019 Shredder
40%
2008 Adrenaline Peak
35%
2023 Palindrome
30%
2004 Fairly Odd Coaster
25%
2015 Rewind Racers
20%
2004 Spinning Dragons
15%
2013 Joker
10%
2014 Coastersaurus
5%
2007 Galaxy Orbiter
5%
No matching quizzes found
Score Distribution
Percent of People with Each Score
Percentile by Number Answered
Your Score History
You have not taken this quiz